Word Scramble - Indian Cities - Statistics

General Stats
  • This quiz has been taken 306 times
  • The average score is 12 of 21
Answer Stats
City % Correct
Delhi
95%
Agra
92%
Pune
88%
Kolkata
85%
Jaipur
84%
Mumbai
84%
Ahmedabad
82%
Kota
82%
Patna
81%
Hyderabad
77%
Jodhpur
73%
Chennai
72%
Bhopal
70%
Lucknow
69%
Surat
66%
Bangalore
62%
Kochi
61%
Varanasi
60%
Nagpur
59%
Kanpur
56%
Bhilai
50%
Vadodara
50%
Indore
49%
Raipur
49%
Rajkot
49%
Amritsar
43%
Chandigarh
43%
Jabalpur
41%
Coimbatore
40%
Meerut
38%
Vijayawada
38%
Visakhapatnam
38%
Aurangabad
34%
Madurai
34%
Nashik
33%
Faridabad
32%
Ludhiana
32%
Thane
32%
Ranchi
31%
Ghaziabad
29%
No matching quizzes found
Score Distribution
Percent of People with Each Score
Percentile by Number Answered
Your Score History
You have not taken this quiz